Ч. 1; Заряжение поверхностей при разрушении, контакте или трении тел

Dettagli Bibliografici
Parent link:Заряжение поверхностей при разрушении, контакте или трении тел: [депонированная рукопись]/ А. А. Воробьев; Томский политехнический институт (ТПИ). Ч. 1.— , 1982
Riassunto:Деп. в ВИНИТИ 30.03.1982, № 2702-82
Lingua:russo
Pubblicazione: 1982
Soggetti:
Natura: MixedMaterials Libro
KOHA link:https://koha.lib.tpu.ru/cgi-bin/koha/opac-detail.pl?biblionumber=350715

MARC

LEADER 00000nam2a2200000 4500
001 350715
005 20231102010329.0
029 0 0 |a RU  |b 2702-82  |c Деп  |f ВИНИТИ 
035 |a (RuTPU)RU\TPU\retro\4974 
090 |a 350715 
100 |a 20190225d1982 k y0rusy50 ca 
101 0 |a rus 
102 |a RU 
105 |a a z 001zy 
200 0 |a Ч. 1 
210 |d 1982 
215 |a 242 с.  |c ил. 
300 |a Деп. в ВИНИТИ 30.03.1982, № 2702-82 
317 |5 63413507: КР-6057  |a Поступил в НТБ в 1987 г. в дар от вдовы ученого Е. К. Завадовской 
320 |a Библиогр. в конце ст. 
461 1 |0 (RuTPU)RU\TPU\retro\5601  |t Заряжение поверхностей при разрушении, контакте или трении тел  |o [депонированная рукопись]  |o в 2 ч.  |f А. А. Воробьев  |g Томский политехнический институт (ТПИ)  |v Ч. 1  |d 1982 
606 1 |a Физика твердого тела  |2 stltpush  |3 (RuTPU)RU\TPU\subj\63727  |9 80702 
606 1 |a Геоэлектричество  |2 stltpush  |3 (RuTPU)RU\TPU\subj\6314  |9 34237 
610 1 |a деформируемые твердые тела 
610 1 |a возбуждение 
610 1 |a электрическая релаксация 
610 1 |a электромагнитная релаксация 
610 1 |a газопламенные состояния 
610 1 |a механоэлектрические явления 
610 1 |a заряжение 
610 1 |a ионные кристаллы 
610 1 |a поверхности 
610 1 |a электрические поля 
610 1 |a трещины 
610 1 |a диэлектрики 
610 1 |a распыление 
610 1 |a тектоноэлектрические явления 
610 1 |a тектоноэлектрические преобразования 
610 1 |a микрозаряды 
610 1 |a сколы 
610 1 |a разрушение 
610 1 |a депонированные рукописи 
610 1 |a библиотека А. А. Воробьева 
675 |a 539.2  |v 4 
675 |a 550.37  |v 4 
801 1 |a RU  |b 63413507  |c 20190225 
801 2 |a RU  |b 63413507  |c 20190429  |g RCR 
942 |c BK